000 00776nam a2200205 a 4500
001 000031439
005 20240408134828.0
008 110622s19uu dr r 000 0 spa d
040 _aDO-SdBNP
_bspa
_cBNPHU
082 _a972.9304
_bS232O
100 1 _aOrtiz Álvarez, Horacio
_957843
245 1 3 _aEl general Pedro Santana :
_by el valor histórico del libertador /
_cHoracio Ortiz Álvarez.
260 _a[Ciudad Trujillo, República Dominicana] :
_b[s. n.],
_c[19--].
300 _a43 p. :
_bretr. ;
_c21 cm.
590 _aInventariado, 2018/ YL
600 0 _aSantana, Pedro.
_d1801-1864
_96546
650 4 _aRepública dominicana
_xHistoria
_v1844-1930
_957845
651 4 _aRepública Dominicana
_xPresidentes
_vBIOGRAFÍAS
_957846
910 _aValidado. Control de calidad MFF
999 _c30931
_d30931